U.S. Presidents by Number of Presidency - Statistics

General Stats
  • This quiz has been taken 342 times
  • The average score is 37 of 47
Answer Stats
Hint Answer % Correct
1 George Washington
95%
2 John Adams
95%
4 James Madison
92%
45 Donald Trump
91%
5 James Monroe
90%
44 Barack Obama
88%
47 Donald Trump
88%
3 Thomas Jefferson
88%
43 George W. Bush
87%
16 Abraham Lincoln
86%
41 George H.W. Bush
86%
6 John Quincy Adams
86%
46 Joseph Biden
86%
39 Jimmy Carter
85%
40 Ronald Reagan
85%
7 Andrew Jackson
84%
42 Bill Clinton
84%
38 Gerald Ford
80%
8 Martin Van Buren
79%
31 Herbert Hoover
78%
10 John Tyler
78%
37 Richard Nixon
78%
34 Dwight D. Eisenhower
77%
32 Franklin D. Roosevelt
77%
18 Ulysses S. Grant
77%
9 William Henry Harrison
77%
30 Calvin Coolidge
76%
33 Harry S. Truman
76%
15 James Buchanan
76%
17 Andrew Johnson
74%
14 Franklin Pierce
74%
13 Millard Fillmore
74%
27 William Howard Taft
74%
24 Grover Cleveland
73%
11 James K. Polk
73%
35 John F. Kennedy
73%
22 Grover Cleveland
72%
36 Lyndon B. Johnson
72%
12 Zachary Taylor
72%
20 James A. Garfield
70%
19 Rutherford B. Hayes
70%
26 Theodore Roosevelt
70%
25 William McKinley
70%
23 Benjamin Harrison
69%
29 Warren G. Harding
69%
21 Chester A. Arthur
67%
28 Woodrow Wilson
67%
No matching quizzes found
Score Distribution
Percent of People with Each Score
Percentile by Number Answered
Your Score History
You have not taken this quiz